| 000 | 00986nam0a2200313 i 4500 | ||
|---|---|---|---|
| 001 | RU\NLR\BIBL_A\011136369 | ||
| 005 | 20240727022406.0 | ||
| 010 |
_a9785353078517 _97000 |
||
| 021 |
_aRU _b2016-37999 _92444 |
||
| 035 | _a(NILC)RuMoRGB-008483134 | ||
| 035 | _a(NLR Aleph) 011136369 | ||
| 090 |
_a11597802 _c11597802 |
||
| 100 | _a20160527d2016 b y0rusy50 ca | ||
| 101 | 0 | _arus | |
| 102 | _aRU | ||
| 105 | _aa|||z||||0|a| | ||
| 200 | 1 |
_aИван-царевич и Серый Волк _e[русская народная сказка _eдля детей до трех лет _f[худож.: Л. Луцук] |
|
| 210 |
_aМосква _cРосмэн _d2016 |
||
| 215 |
_a[12] с. _cцв. ил. _d20х26 |
||
| 225 | 1 | _aКнижка-панорамка | |
| 333 | _a0+ | ||
| 686 | 0 | _aШ9(2)60=Р7-8 | |
| 702 | 1 |
_aЛуцук _bЛ. _4040 |
|
| 801 | 0 |
_aRU _bРГБ _c20160511 _gRCR |
|
| 942 | _cBOOK | ||
| 980 | _aNBR | ||